Ruido Para los posgrados de higiene y seguridad industrial /

Detalles Bibliográficos
Autor principal: Gimenes de Paz, Juan Carlos
Formato: eBook
Lenguaje:español
Publicado: Bogot:̀ Ediciones de la U, 2012
Materias:
Acceso en línea:Acceso restringido

MARC

LEADER 00000nam a22000007a 4500
005 20210515004114.0
007 cr|||| ||||
008 210515s2012 co |||||s|||| 00||0 spa d
020 |a 978-958-762-072-6 
035 |a 33373 
040 |a vLex 
090 |c 11675  |d 11675 
100 1 |a Gimenes de Paz, Juan Carlos 
245 1 0 |a Ruido  |h [Recurso electrn̤ico] :  |b Para los posgrados de higiene y seguridad industrial /  |c Juan Carlos Gimenes de Paz 
256 |a Servicio en ln̕ea 
260 |a Bogot:̀  |b Ediciones de la U,  |c 2012 
300 |a 1 recurso electrn̤ico 
500 |a Es un hecho aceptado que el ruido constituye una de las agresiones ms̀ generalizadas y difundidas en nuestro medio industrial y urbano, con efectos francamente daįnos, sobre los que debera̕ tomarse ms̀ conciencia. Para cuantificar los riesgos a los que se est ̀sometido, deben efectuarse mediciones bajo normas que permitan su evaluacin̤. De acuerdo con esa evaluacin̤, se podrǹ realizar trabajos de ingeniera̕ que logren una atenuacin̤ apropiada. Este escrito tiene por objeto apoyar el dictado de clases sobre RUIDOS en los postgrados de Higiene y Seguridad Industrial o similares, en las facultades de ingeniera̕ de las varias universidades que las dictan y de apoyo a sus profesionales. 
506 1 |a Disponible solo en los productos indicados  |d vLex Global  |d vLex Global (Academic Edition, excluding Law Schools)  |d vLex Global (U.S. Academic Edition, Law Schools)  |d vLex Global (U.S. Academic Edition, excluding Law Schools)  |d vLex Global (Academic Edition, Law Schools) 
650 0 4 |a Seguridad y Salud Laboral  |z Colombia 
740 0 |a vLex Libros (Servicio en ln̕ea) 
856 4 0 |u https://vlex.com/source/ruido-para-los-posgrados-de-higiene-y-seguridad-industrial-33373  |z Acceso restringido 
942 |c BOOK 
999 0 |a Occupational Health & Safety